Anatomie de la scapula - Statistiques

Statistiques générales
  • Ce quiz a été pris 234 fois
  • Le résultat moyen est 1 sur 11
Statistiques - réponses
Hint Réponse % Correct
6 acromion
92%
1 épine scapulaire
22%
4 collum scapulae
1%
3 fossa infraspinata
1%
10 fossa subscapularis
1%
2 fossa supraspinata
1%
8 incisura scapulae
1%
7 tuberculum supraglenoidale
1%
5 cavités glénoïdales
0%
11 facies serrata
0%
9 tuberculum supraglenoidale avec processus coracoide
0%
Aucun quiz correspondant
Distribution des résultats
% des personnes avec chaque résultat
Percentile par nombre de réponses
Votre historique - résultats
Vous n’avez pas pris ce quiz